Statistics for Footballers by Career - Liverpool

Click here to take the quiz!

General Stats

  • This quiz has been taken 150 times
  • The average score is 7 of 10

Answer Stats

Player% Correct
Fernando Torres
94%
James Milner
89%
Xabi Alonso
89%
Pepe Reina
76%
Martin Škrtel
70%
Steve McManaman
64%
Robbie Fowler
59%
Milan Baroš
53%
Andy Carroll
47%
Patrik Berger
33%

Score Distribution

Percentile by Number Answered

Percent of People with Each Score

Your Score History

You have not taken this quiz